006500000a2200169000450024501000000024601180010065000100021865000270022865000130025565000300026865100350029865300520033304100130038570000220039810000180042077300420043810aCarolic and total lipid contents in adult male Holochilus brasiliensis ()3 aContenido calórico y de lípidos totales en machos adultos de Holochilus brasiliensis ()14aDieta14aHábitos alimentarios14aRoedores14aAspectos bioenergéticos 4lCalabozodGuáricopVenezuela fCricetidaeeHolochilus brasiliensisgHolochilus0 aInglés1 aVivas, Antonio M.1 aWeir, Enrique1 tEcotrópicos3206h1q41-43d1988g1